[Event "8th Sinquefield Cup 2021"]
[Site "Saint Louis USA"]
[Date "2021.08.17"]
[Round "1"]
[White "So, Wesley"]
[Black "Mamedyarov, Shakhriyar"]
[Result "1/2-1/2"]
[WhiteTitle "GM"]
[BlackTitle "GM"]
[WhiteElo "2772"]
[BlackElo "2782"]
[WhiteFideId "5202213"]
[BlackFideId "13401319"]
[EventDate "2021.08.16"]
[PlyCount "100"]

1. e4 e5 2. Nf3 Nc6 3. Bc4 Bc5 4. O-O Nf6 5. d3 O-O 6. h3 d6 7. c3 Ne7 8. Re1 Ng6 9. d4 Bb6 10. Bd3 d5 11. exd5 exd4 12. c4 c6 13. Qc2 cxd5 14. c5 Bc7 15. Nxd4 Re8 16. Rxe8+ Qxe8 17. Nc3 Qe1+ 18. Bf1 Bd7 19. Qe2 Qxe2 20. Ndxe2 Rc8 21. Be3 Ne7 22. Rd1 a6 23. g4 Bc6 24. f3 h6 25. b4 Re8 26. Kf2 Bd7 27. Bf4 Bxf4 28. Nxf4 d4 29. Rxd4 Nc6 30. Rd6 Nxb4 31. Rb6 a5 32. Rxb7 Bc6 33. Ra7 g5 34. Nd3 Rd8 35. Ne5 Rd2+ 36. Kg3 Rc2 37. a3 Nbd5 38. Nxd5 Nxd5 39. Bd3 Rxc5 40. Nxf7 Nf4 41. Bf5 Bd5 42. Ne5 Rc3 43. Rxa5 Re3 44. Nd3 Rxf3+ 45. Kh2 Rxh3+ 46. Kg1 Rg3+ 47. Kf2 Rf3+ 48. Kg1 Rg3+ 49. Kf2 Rf3+ 50. Kg1 Rg3+ 1/2-1/2

[Event "8th Sinquefield Cup 2021"]
[Site "Saint Louis USA"]
[Date "2021.08.17"]
[Round "1"]
[White "Vachier-Lagrave, Maxime"]
[Black "Svidler, Peter"]
[Result "1-0"]
[WhiteTitle "GM"]
[BlackTitle "GM"]
[WhiteElo "2751"]
[BlackElo "2714"]
[WhiteFideId "623539"]
[BlackFideId "4102142"]
[EventDate "2021.08.16"]
[PlyCount "61"]

1. d4 Nf6 2. c4 g6 3. h4 Bg7 4. Nc3 O-O 5. e4 d6 6. Be2 c5 7. d5 b5 8. cxb5 a6 9. a4 axb5 10. Bxb5 Ba6 11. Bd2 Bxb5 12. axb5 Nbd7 13. Nf3 Rxa1 14. Qxa1 Qb6 15. O-O Rb8 16. Qa6 Ne8 17. Ra1 Kf8 18. h5 Nc7 19. Qa4 Ra8 20. Qd1 Rxa1 21. Qxa1 Ne5 22. h6 Nxf3+ 23. gxf3 Bxc3 24. Bxc3 Qxb5 25. b4 Ne8 26. bxc5 dxc5 27. Bg7+ Kg8 28. Qa8 c4 29. Qd8 Qa4 30. Kg2 Qb5 31. Bb2 1-0

[Event "8th Sinquefield Cup 2021"]
[Site "Saint Louis USA"]
[Date "2021.08.17"]
[Round "1"]
[White "Xiong, Jeffery"]
[Black "Rapport, Richard"]
[Result "1/2-1/2"]
[WhiteTitle "GM"]
[BlackTitle "GM"]
[WhiteElo "2710"]
[BlackElo "2763"]
[WhiteFideId "2047640"]
[BlackFideId "738590"]
[EventDate "2021.08.16"]
[PlyCount "113"]

1. d4 Nf6 2. c4 e6 3. Nc3 Bb4 4. Qc2 c5 5. dxc5 Qa5 6. Bd2 Qxc5 7. e3 d5 8. a3 Bxc3 9. Bxc3 dxc4 10. Bb4 Qc6 11. Qxc4 Qxc4 12. Bxc4 Nc6 13. Bc3 Ne4 14. Rc1 Nxc3 15. Rxc3 Bd7 16. Nf3 Rc8 17. Bd3 Ke7 18. Ke2 h6 19. Rhc1 Nb8 20. Ne5 Rxc3 21. Rxc3 Rc8 22. Kd2 Rxc3 23. Kxc3 Bc8 24. f4 Nd7 25. Nxd7 Bxd7 26. e4 f6 27. Kd4 Kd6 28. e5+ fxe5+ 29. fxe5+ Ke7 30. Be4 b6 31. Kc4 Kd8 32. Kd4 Ke7 33. h4 Bb5 34. g3 Kd7 35. Bc2 Be2 36. Ba4+ Kc7 37. Ke3 Bh5 38. Kf4 Be2 39. g4 Kd8 40. Bc6 Ke7 41. g5 Bh5 42. b4 Bd1 43. a4 Bh5 44. Bb5 Bd1 45. a5 Bh5 46. Bf1 Be8 47. Bg2 Bh5 48. Bc6 Bd1 49. gxh6 gxh6 50. Ke3 Bh5 51. Kd3 Kd8 52. axb6 axb6 53. Ke3 Ke7 54. Kd3 Kd8 55. Ke3 Ke7 56. Kd3 Kd8 57. Ke3 1/2-1/2

[Event "8th Sinquefield Cup 2021"]
[Site "Saint Louis USA"]
[Date "2021.08.17"]
[Round "1"]
[White "Caruana, Fabiano"]
[Black "Shankland, Sam"]
[Result "1-0"]
[WhiteTitle "GM"]
[BlackTitle "GM"]
[WhiteElo "2806"]
[BlackElo "2709"]
[WhiteFideId "2020009"]
[BlackFideId "2004887"]
[EventDate "2021.08.16"]
[PlyCount "75"]

1. d4 Nf6 2. Nf3 g6 3. Bf4 Bg7 4. e3 d6 5. h3 c5 6. Nbd2 cxd4 7. exd4 O-O 8. Be2 Qb6 9. Nc4 Qc7 10. Ne3 Nc6 11. c3 e5 12. Bh2 Qe7 13. O-O e4 14. Ne1 d5 15. N1c2 Be6 16. Qe1 Nd7 17. f3 f5 18. fxe4 fxe4 19. Bf4 Rf7 20. Qg3 Nf6 21. Rf2 Qd7 22. Raf1 Raf8 23. Qh4 Ne8 24. Ng4 Nd6 25. Nce3 Ne7 26. Ne5 Bxe5 27. Bxe5 Ndf5 28. Ng4 h5 29. Qg5 hxg4 30. hxg4 Ng7 31. Qh6 Nef5 32. gxf5 Rxf5 33. Rxf5 Rxf5 34. Rxf5 Bxf5 35. g4 Be6 36. Qxg6 Qf7 37. Qh6 e3 38. Bf3 1-0

[Event "8th Sinquefield Cup 2021"]
[Site "Saint Louis USA"]
[Date "2021.08.17"]
[Round "1"]
[White "Swiercz, Dariusz"]
[Black "Dominguez Perez, Leinier"]
[Result "0-1"]
[WhiteTitle "GM"]
[BlackTitle "GM"]
[WhiteElo "2655"]
[BlackElo "2758"]
[WhiteFideId "1126881"]
[BlackFideId "3503240"]
[EventDate "2021.08.16"]
[PlyCount "116"]

1. e4 e5 2. Nf3 Nf6 3. Nxe5 d6 4. Nf3 Nxe4 5. d4 d5 6. Bd3 Bd6 7. O-O O-O 8. c4 c6 9. Nc3 Nxc3 10. bxc3 dxc4 11. Bxc4 Bf5 12. Re1 Nd7 13. Bg5 Qa5 14. Nh4 Rae8 15. Nxf5 Rxe1+ 16. Qxe1 Qxf5 17. Bh4 Qh5 18. Bg3 Bxg3 19. hxg3 Nf6 20. Be2 Qa5 21. Bf3 Re8 22. Qd2 h5 23. Rc1 Re7 24. Qc2 g6 25. Qb2 Kg7 26. Be2 Qg5 27. Bf3 Qa5 28. Be2 c5 29. Bf3 cxd4 30. cxd4 Re1+ 31. Rxe1 Qxe1+ 32. Kh2 b6 33. Qc2 Qb4 34. Qd3 a5 35. a3 Qd6 36. Kg1 b5 37. Bd1 b4 38. axb4 Qxb4 39. Bb3 a4 40. Bc4 a3 41. f3 Qb2 42. Qb3 Qxd4+ 43. Kh2 Qa7 44. Qc3 Qc7 45. Qd4 Qe7 46. Bb3 Kh7 47. Qf4 Kg7 48. Qd4 Kg8 49. Qd3 Kh7 50. Qd4 Ng8 51. Ba2 Nh6 52. Bb1 Qe1 53. Qb6 Qc3 54. Kg1 Qc1+ 55. Kh2 Qb2 56. Qxb2 axb2 57. Kg1 Nf5 58. Kf2 Nd4 0-1

[Event "8th Sinquefield Cup 2021"]
[Site "Saint Louis USA"]
[Date "2021.08.18"]
[Round "2"]
[White "Dominguez Perez, Leinier"]
[Black "Caruana, Fabiano"]
[Result "1/2-1/2"]
[WhiteTitle "GM"]
[BlackTitle "GM"]
[WhiteElo "2758"]
[BlackElo "2806"]
[WhiteFideId "3503240"]
[BlackFideId "2020009"]
[EventDate "2021.08.16"]
[PlyCount "102"]

1. e4 e5 2. Nf3 Nc6 3. Bc4 Nf6 4. d3 Bc5 5. c3 d6 6. O-O h6 7. Re1 O-O 8. h3 Bb6 9. Nbd2 Ne7 10. a4 c6 11. d4 Ng6 12. Bf1 Re8 13. Qc2 d5 14. exd5 exd4 15. Rxe8+ Qxe8 16. a5 Bc7 17. dxc6 dxc3 18. cxb7 Bxb7 19. Qxc3 Nd5 20. Qc5 Ngf4 21. Nc4 Ne6 22. Qa3 Rd8 23. Bd2 Ndf4 24. a6 Ba8 25. Ba5 Bxa5 26. Nxa5 Qd7 27. Re1 Qd5 28. Re3 Qf5 29. Nb7 Rd1 30. Re1 Rxe1 31. Nxe1 Qe4 32. Nf3 Bxb7 33. axb7 Qxb7 34. g3 Nh5 35. Bc4 Qe4 36. Bxe6 fxe6 37. Nd2 Qd4 38. Nf3 Qd5 39. Nh2 a5 40. Ng4 Nf6 41. Nxf6+ gxf6 42. Qe7 Qe5 43. b3 h5 44. h4 Qe1+ 45. Kg2 Qe4+ 46. Kh2 Qf5 47. Qe8+ Kg7 48. Qe7+ Kg6 49. Qe8+ Kg7 50. Qe7+ Kg6 51. Qe8+ Kg7 1/2-1/2

[Event "8th Sinquefield Cup 2021"]
[Site "Saint Louis USA"]
[Date "2021.08.18"]
[Round "2"]
[White "Shankland, Sam"]
[Black "Xiong, Jeffery"]
[Result "1/2-1/2"]
[WhiteTitle "GM"]
[BlackTitle "GM"]
[WhiteElo "2709"]
[BlackElo "2710"]
[WhiteFideId "2004887"]
[BlackFideId "2047640"]
[EventDate "2021.08.16"]
[PlyCount "126"]

1. e4 c5 2. Nf3 Nc6 3. d4 cxd4 4. Nxd4 g6 5. c4 Nf6 6. Nc3 d6 7. f3 Bg7 8. Be3 O-O 9. Be2 Nh5 10. g3 Nf6 11. Qd2 Bd7 12. O-O-O a5 13. g4 a4 14. Nxc6 Bxc6 15. h4 Qa5 16. Bd4 Rfc8 17. h5 a3 18. b3 b5 19. hxg6 hxg6 20. Kb1 bxc4 21. Bxc4 Bb7 22. g5 Nh5 23. Bxg7 Kxg7 24. Nd5 Qxd2 25. Rxd2 Rab8 26. Rc1 Bxd5 27. Rxd5 Nf4 28. Ra5 Ra8 29. b4 f6 30. Rxa8 Rxa8 31. Kc2 fxg5 32. Kb3 Kf6 33. b5 Ke5 34. Kb4 g4 35. fxg4 Kxe4 36. Re1+ Kd4 37. Rxe7 Rc8 38. Bf7 Nd3+ 39. Kxa3 Ra8+ 40. Kb3 Nc5+ 41. Kb2 Nd3+ 42. Kb3 Nc5+ 43. Kc2 d5 44. Kb1 Na4 45. Kc1 Nc3 46. b6 Nxa2+ 47. Kd2 Rb8 48. b7 Nb4 49. Be6 Kc5 50. Bc8 Nc6 51. Rg7 g5 52. Ke3 Na5 53. Kd3 Kd6 54. Rd7+ Kc6 55. Kd4 Nxb7 56. Rxb7 Rxc8 57. Rg7 Kd6 58. Rg6+ Ke7 59. Rxg5 Kf6 60. Rxd5 Re8 61. g5+ Kg6 62. Re5 Rxe5 63. Kxe5 Kxg5 1/2-1/2

[Event "8th Sinquefield Cup 2021"]
[Site "Saint Louis USA"]
[Date "2021.08.18"]
[Round "2"]
[White "Swiercz, Dariusz"]
[Black "So, Wesley"]
[Result "0-1"]
[WhiteTitle "GM"]
[BlackTitle "GM"]
[WhiteElo "2655"]
[BlackElo "2772"]
[WhiteFideId "1126881"]
[BlackFideId "5202213"]
[EventDate "2021.08.16"]
[PlyCount "90"]

1. e4 e5 2. Nf3 Nc6 3. Bb5 Nf6 4. O-O Nxe4 5. d4 Nd6 6. Bxc6 dxc6 7. dxe5 Nf5 8. Qxd8+ Kxd8 9. h3 Bd7 10. Rd1 Be7 11. g4 Nh4 12. Nxh4 Bxh4 13. Nd2 Kc8 14. Nf3 Be7 15. Bg5 Bc5 16. Rd3 Be6 17. Be3 Bxe3 18. Rxe3 Kd7 19. Nd4 Rad8 20. f4 Ke7 21. Nxe6 fxe6 22. Rf1 h5 23. f5 hxg4 24. hxg4 Rh4 25. f6+ Kf7 26. Re4 Rd2 27. fxg7+ Kxg7 28. Rf2 Rxf2 29. Kxf2 Rh2+ 30. Kf3 Rxc2 31. Rd4 Rxb2 32. Rd7+ Kg6 33. Rxc7 c5 34. Re7 Rb6 35. Rc7 a6 36. Rxc5 Rc6 37. Ra5 Rc3+ 38. Ke4 Rc4+ 39. Kd3 Rxg4 40. Rc5 Kf5 41. Kc3 b5 42. Kb3 Rc4 43. Rxc4 bxc4+ 44. Kxc4 Kxe5 45. a4 Kf4 0-1

[Event "8th Sinquefield Cup 2021"]
[Site "Saint Louis USA"]
[Date "2021.08.18"]
[Round "2"]
[White "Rapport, Richard"]
[Black "Vachier-Lagrave, Maxime"]
[Result "1/2-1/2"]
[WhiteTitle "GM"]
[BlackTitle "GM"]
[WhiteElo "2763"]
[BlackElo "2751"]
[WhiteFideId "738590"]
[BlackFideId "623539"]
[EventDate "2021.08.16"]
[PlyCount "72"]

1. Nf3 c5 2. c4 Nf6 3. g3 g6 4. Bg2 Bg7 5. d4 cxd4 6. Nxd4 O-O 7. Nc3 Qc7 8. Qd3 Nc6 9. O-O d6 10. Nxc6 bxc6 11. Bf4 Nh5 12. Bg5 Rb8 13. b3 h6 14. Bd2 Nf6 15. Rac1 a5 16. h3 Rd8 17. e4 Nd7 18. Rfd1 Nc5 19. Qe2 e5 20. Kh2 Kh7 21. Qf1 h5 22. Bg5 Re8 23. Qe1 Ne6 24. Bd2 Ra8 25. Be3 h4 26. Na4 hxg3+ 27. fxg3 c5 28. Qd2 Nd4 29. Rf1 Be6 30. Rf2 Reb8 31. h4 Qd7 32. Rcf1 Ra7 33. Qd1 Bg4 34. Qd2 Be6 35. Qd1 Bg4 36. Qd2 Be6 1/2-1/2

[Event "8th Sinquefield Cup 2021"]
[Site "Saint Louis USA"]
[Date "2021.08.18"]
[Round "2"]
[White "Svidler, Peter"]
[Black "Mamedyarov, Shakhriyar"]
[Result "1/2-1/2"]
[WhiteTitle "GM"]
[BlackTitle "GM"]
[WhiteElo "2714"]
[BlackElo "2782"]
[WhiteFideId "4102142"]
[BlackFideId "13401319"]
[EventDate "2021.08.16"]
[PlyCount "91"]

1. e4 e5 2. Nf3 Nc6 3. Bc4 Bc5 4. c3 Nf6 5. d3 O-O 6. b4 Be7 7. O-O d5 8. exd5 Nxd5 9. Re1 Bf6 10. Ba3 Re8 11. Nbd2 Nxc3 12. Qb3 Be6 13. Bxe6 Rxe6 14. b5 Nd4 15. Nxd4 exd4 16. Rxe6 fxe6 17. Qxe6+ Kh8 18. Re1 Nxb5 19. Be7 Bxe7 20. Qxe7 Qxe7 21. Rxe7 b6 22. Ne4 c5 23. Kf1 Nc3 24. Nxc3 dxc3 25. Ke2 h6 26. Kd1 b5 27. Rc7 Rf8 28. f3 Rf5 29. Rxa7 Re5 30. a3 Re3 31. Rb7 Rxd3+ 32. Kc2 Rd2+ 33. Kxc3 Rxg2 34. Rxb5 Rxh2 35. Rxc5 Rf2 36. Rf5 g6 37. Rf4 Kg7 38. Kd3 g5 39. Ke3 Ra2 40. Ra4 h5 41. Ra7+ Kg6 42. Ra6+ Kf5 43. Ra5+ Kg6 44. Ra6+ Kf5 45. Ra5+ Kg6 46. Ra6+ 1/2-1/2

[Event "8th Sinquefield Cup 2021"]
[Site "Saint Louis USA"]
[Date "2021.08.19"]
[Round "3"]
[White "So, Wesley"]
[Black "Svidler, Peter"]
[Result "1-0"]
[WhiteTitle "GM"]
[BlackTitle "GM"]
[WhiteElo "2772"]
[BlackElo "2714"]
[WhiteFideId "5202213"]
[BlackFideId "4102142"]
[EventDate "2021.08.16"]
[PlyCount "55"]

1. c4 g6 2. Nc3 c5 3. g3 Bg7 4. Bg2 Nc6 5. Nf3 e5 6. a3 a5 7. d3 Nge7 8. Nd2 d6 9. Nf1 O-O 10. Ne3 Rb8 11. Rb1 Nd4 12. Bd2 Bd7 13. O-O Bc6 14. b4 axb4 15. axb4 cxb4 16. Rxb4 Bxg2 17. Kxg2 Qd7 18. Ned5 Nec6 19. Rb6 f5 20. f3 Rf7 21. Be3 h5 22. Qd2 Ne6 23. Rfb1 Kh7 24. h4 f4 25. gxf4 exf4 26. Bf2 Ncd4 27. Bxd4 Bxd4 28. Ne4 1-0

[Event "8th Sinquefield Cup 2021"]
[Site "Saint Louis USA"]
[Date "2021.08.19"]
[Round "3"]
[White "Mamedyarov, Shakhriyar"]
[Black "Rapport, Richard"]
[Result "1-0"]
[WhiteTitle "GM"]
[BlackTitle "GM"]
[WhiteElo "2782"]
[BlackElo "2763"]
[WhiteFideId "13401319"]
[BlackFideId "738590"]
[EventDate "2021.08.16"]
[PlyCount "107"]

1. d4 Nf6 2. c4 e6 3. Nf3 d5 4. Nc3 c6 5. e3 Nbd7 6. Bd3 dxc4 7. Bxc4 b5 8. Bd3 a6 9. e4 c5 10. e5 cxd4 11. Nxb5 axb5 12. exf6 Qb6 13. O-O Nxf6 14. Nxd4 Bd7 15. Nf3 Bd6 16. Be3 Qb8 17. Bd4 O-O 18. Re1 Rd8 19. Rc1 Rxa2 20. Bb1 Ra6 21. Bxf6 gxf6 22. Qd4 Kg7 23. Qg4+ Kf8 24. Qh4 Ke7 25. g3 Ra4 26. Qxh7 Rh8 27. Qd3 Qb6 28. Rcd1 Bc8 29. Bc2 Rg4 30. Nd4 Be5 31. Nxb5 Qc5 32. Nc3 Kf8 33. Ne4 Qc6 34. b4 Ba6 35. Qf3 f5 36. Nd2 Qxc2 37. Rxe5 Bb7 38. Qb3 Qc7 39. Qb2 Rgg8 40. f3 f6 41. Rxe6 Rxg3+ 42. Kf1 Rxh2 43. Qxf6+ Qf7 44. Qe5 f4 45. Rf6 Ba6+ 46. Rxa6 Rh1+ 47. Kf2 Rh2+ 48. Ke1 Rh1+ 49. Nf1 Rxf1+ 50. Kxf1 Qc4+ 51. Ke1 Rg1+ 52. Kf2 Qc2+ 53. Kxg1 Qxd1+ 54. Kf2 1-0

[Event "8th Sinquefield Cup 2021"]
[Site "Saint Louis USA"]
[Date "2021.08.19"]
[Round "3"]
[White "Vachier-Lagrave, Maxime"]
[Black "Shankland, Sam"]
[Result "1-0"]
[WhiteTitle "GM"]
[BlackTitle "GM"]
[WhiteElo "2751"]
[BlackElo "2709"]
[WhiteFideId "623539"]
[BlackFideId "2004887"]
[EventDate "2021.08.16"]
[PlyCount "93"]

1. e4 e5 2. Nf3 Nc6 3. Bc4 Bc5 4. c3 Nf6 5. d3 d6 6. O-O a6 7. a4 h6 8. Re1 Ba7 9. Nbd2 Be6 10. Bxe6 fxe6 11. Nf1 a5 12. Ng3 Qd7 13. Be3 Bxe3 14. Rxe3 g5 15. d4 O-O-O 16. d5 exd5 17. exd5 Ne7 18. c4 Ng4 19. Rb3 Rdf8 20. Qe1 b6 21. Rb5 Nxf2 22. Qxf2 g4 23. Nxe5 Qxb5 24. axb5 Rxf2 25. Kxf2 dxe5 26. Ke3 Rf8 27. Rf1 Rxf1 28. Nxf1 Nf5+ 29. Kd3 Kd7 30. Nd2 Nd6 31. Ne4 Ke7 32. Nxd6 cxd6 33. Ke4 Kf6 34. b3 Kg6 35. c5 dxc5 36. d6 Kf7 37. Kd5 e4 38. Kc6 e3 39. d7 e2 40. d8=Q e1=Q 41. Kxb6 Qe6+ 42. Ka7 c4 43. bxc4 a4 44. b6 a3 45. b7 a2 46. Qc7+ Kg6 47. Qa5 1-0

[Event "8th Sinquefield Cup 2021"]
[Site "Saint Louis USA"]
[Date "2021.08.19"]
[Round "3"]
[White "Xiong, Jeffery"]
[Black "Dominguez Perez, Leinier"]
[Result "1/2-1/2"]
[WhiteTitle "GM"]
[BlackTitle "GM"]
[WhiteElo "2710"]
[BlackElo "2758"]
[WhiteFideId "2047640"]
[BlackFideId "3503240"]
[EventDate "2021.08.16"]
[PlyCount "68"]

1. e4 e5 2. Nf3 Nf6 3. Nc3 Nc6 4. d4 exd4 5. Nxd4 Bb4 6. Nxc6 bxc6 7. Bd3 O-O 8. O-O d5 9. exd5 cxd5 10. h3 c6 11. Qf3 Bd6 12. Re1 Re8 13. Rxe8+ Qxe8 14. Bf4 Qe7 15. Na4 c5 16. Bxd6 Qxd6 17. c4 Bd7 18. Nc3 Rb8 19. Nxd5 Nxd5 20. Rd1 Rxb2 21. Be4 Bc6 22. g3 g6 23. Bxd5 Bxd5 24. Qxd5 Qxd5 25. Rxd5 Rxa2 26. Rxc5 a5 27. Rc7 Rc2 28. Ra7 Rxc4 29. Rxa5 Kg7 30. h4 h5 31. Kg2 Kg8 32. Kg1 Kg7 33. Kg2 Kg8 34. Kg1 Kg7 1/2-1/2

[Event "8th Sinquefield Cup 2021"]
[Site "Saint Louis USA"]
[Date "2021.08.19"]
[Round "3"]
[White "Caruana, Fabiano"]
[Black "Swiercz, Dariusz"]
[Result "1-0"]
[WhiteTitle "GM"]
[BlackTitle "GM"]
[WhiteElo "2806"]
[BlackElo "2655"]
[WhiteFideId "2020009"]
[BlackFideId "1126881"]
[EventDate "2021.08.16"]
[PlyCount "93"]

1. e4 c5 2. Nf3 Nc6 3. Bb5 e6 4. O-O Nge7 5. d4 cxd4 6. Nxd4 Qb6 7. Nxc6 bxc6 8. Be2 Ng6 9. c4 Be7 10. Nc3 O-O 11. Rb1 c5 12. Be3 Qc7 13. f4 Bb7 14. g3 Rfe8 15. h4 Nf8 16. Bf3 d6 17. Qd2 a6 18. b3 Rad8 19. Qf2 Nd7 20. Rbd1 Bf6 21. Ne2 Nb6 22. g4 d5 23. g5 Be7 24. f5 exf5 25. Bf4 Bd6 26. Bxd6 Qxd6 27. exd5 Nd7 28. Bg2 Bc8 29. Nf4 Ne5 30. b4 cxb4 31. c5 Qb8 32. Rfe1 b3 33. axb3 Qb4 34. Re2 Ng4 35. Qd4 Qxb3 36. Nh5 f6 37. Rxe8+ Rxe8 38. gxf6 gxf6 39. d6 Be6 40. d7 Rd8 41. c6 Qc2 42. Re1 Kf7 43. Nf4 Bb3 44. c7 Qxc7 45. Bd5+ Bxd5 46. Qxd5+ Kg7 47. Ne6+ 1-0

[Event "8th Sinquefield Cup 2021"]
[Site "Saint Louis USA"]
[Date "2021.08.20"]
[Round "4"]
[White "Swiercz, Dariusz"]
[Black "Xiong, Jeffery"]
[Result "1-0"]
[WhiteTitle "GM"]
[BlackTitle "GM"]
[WhiteElo "2655"]
[BlackElo "2710"]
[WhiteFideId "1126881"]
[BlackFideId "2047640"]
[EventDate "2021.08.16"]
[PlyCount "107"]

1. e4 c5 2. Nf3 d6 3. d4 cxd4 4. Nxd4 Nf6 5. Nc3 a6 6. Bg5 e6 7. f4 h6 8. Bh4 Qb6 9. a3 Nbd7 10. Bf2 Qc7 11. Bd3 b5 12. Qe2 Bb7 13. O-O-O Be7 14. Kb1 g6 15. Rhe1 Nc5 16. g4 g5 17. fxg5 hxg5 18. Bg3 O-O-O 19. Rf1 Qb6 20. Nb3 Ncd7 21. Bf2 Qc7 22. a4 bxa4 23. Nxa4 Qc6 24. Nc3 Rxh2 25. Na5 Qc7 26. Nxb7 Kxb7 27. Bxa6+ Ka8 28. Nb5 Qc6 29. Nd4 Qb6 30. Rd3 Nc5 31. Ra3 Kb8 32. Nf3 Rxf2 33. Qxf2 Nfxe4 34. Qe3 Kc7 35. Nd4 Rb8 36. Bb5 f5 37. c4 d5 38. gxf5 e5 39. Nc6 dxc4 40. Nxb8 Qxb5 41. Na6+ Nxa6 42. Rxa6 c3 43. Ra7+ Kb8 44. Ra8+ Kxa8 45. Qxe4+ Ka7 46. Rf2 Bc5 47. Qd5 Kb6 48. Qe6+ Ka5 49. Rc2 Ba3 50. b3 Qc5 51. f6 Bb2 52. Rxb2 cxb2 53. b4+ Kxb4 54. Qe7 1-0

[Event "8th Sinquefield Cup 2021"]
[Site "Saint Louis USA"]
[Date "2021.08.20"]
[Round "4"]
[White "Caruana, Fabiano"]
[Black "So, Wesley"]
[Result "1/2-1/2"]
[WhiteTitle "GM"]
[BlackTitle "GM"]
[WhiteElo "2806"]
[BlackElo "2772"]
[WhiteFideId "2020009"]
[BlackFideId "5202213"]
[EventDate "2021.08.16"]
[PlyCount "106"]

1. c4 c5 2. Nf3 Nf6 3. Nc3 Nc6 4. d4 cxd4 5. Nxd4 e6 6. g3 Qb6 7. Nb3 Ne5 8. e4 Bb4 9. Qe2 d6 10. Bd2 O-O 11. Bg2 Bd7 12. f4 Ng6 13. Rc1 Bc6 14. a3 Bxc3 15. Rxc3 a5 16. Qe3 Ra6 17. c5 dxc5 18. Nxc5 Raa8 19. Nb3 Qxe3+ 20. Rxe3 Ng4 21. Rc3 Rfd8 22. Rc4 Bb5 23. Rc5 Ba4 24. h3 Nf6 25. e5 Nd5 26. Bxd5 exd5 27. Nd4 b6 28. Rc7 Rac8 29. Rb7 Rb8 30. Rxb8 Rxb8 31. Kf2 Rc8 32. b4 axb4 33. Bxb4 h5 34. Ke3 Rc4 35. h4 Nf8 36. Bxf8 Kxf8 37. Rb1 b5 38. Kd3 g6 39. f5 gxf5 40. Rf1 b4 41. axb4 Rxb4 42. Rxf5 Bd1 43. Rf6 Bg4 44. Ke3 Rb1 45. Nf5 Rb3+ 46. Kd4 Bxf5 47. Rxf5 Rxg3 48. Rxh5 Kg7 49. Kxd5 Rg4 50. Rg5+ Rxg5 51. hxg5 Kg6 52. e6 fxe6+ 53. Kxe6 Kxg5 1/2-1/2

[Event "8th Sinquefield Cup 2021"]
[Site "Saint Louis USA"]
[Date "2021.08.20"]
[Round "4"]
[White "Rapport, Richard"]
[Black "Svidler, Peter"]
[Result "1-0"]
[WhiteTitle "GM"]
[BlackTitle "GM"]
[WhiteElo "2763"]
[BlackElo "2714"]
[WhiteFideId "738590"]
[BlackFideId "4102142"]
[EventDate "2021.08.16"]
[PlyCount "75"]

1. g3 d5 2. Nf3 Nd7 3. d4 Nb6 4. a4 a5 5. Nc3 Nf6 6. Bg2 Bf5 7. Nh4 e6 8. Nxf5 exf5 9. Qd3 Qd7 10. O-O Bb4 11. Nd1 O-O 12. f3 Rfe8 13. Nf2 Qe6 14. Bg5 Nc4 15. c3 Bf8 16. Rae1 Nxb2 17. Qc2 Nc4 18. e4 h6 19. Bxf6 Qxf6 20. e5 Qe6 21. f4 h5 22. h3 g6 23. g4 hxg4 24. hxg4 fxg4 25. Qd1 g3 26. Ng4 Bg7 27. Bh3 Qb6 28. Qd3 c5 29. Rb1 Qc7 30. f5 Ra6 31. f6 cxd4 32. cxd4 Bf8 33. Qxg3 Nd2 34. Qh4 Ne4 35. Nh6+ Bxh6 36. Qxh6 Nxf6 37. exf6 Qg3+ 38. Bg2 1-0

[Event "8th Sinquefield Cup 2021"]
[Site "Saint Louis USA"]
[Date "2021.08.21"]
[Round "5"]
[White "Svidler, Peter"]
[Black "Shankland, Sam"]
[Result "1/2-1/2"]
[WhiteTitle "GM"]
[BlackTitle "GM"]
[WhiteElo "2714"]
[BlackElo "2709"]
[WhiteFideId "4102142"]
[BlackFideId "2004887"]
[EventDate "2021.08.16"]
[PlyCount "47"]

1. e4 c5 2. Nf3 d6 3. d4 cxd4 4. Nxd4 Nf6 5. Nc3 a6 6. Bd3 e5 7. Nde2 Be6 8. O-O Nc6 9. f4 exf4 10. Nxf4 Ne5 11. a4 g6 12. Be2 Bg7 13. Be3 O-O 14. a5 Rc8 15. Ra4 Re8 16. h3 Qe7 17. Bd4 h5 18. Qe1 Bd7 19. Nfd5 Nxd5 20. Nxd5 Qe6 21. Nf4 Qe7 22. Nd5 Qe6 23. Nf4 Qe7 24. Nd5 1/2-1/2

[Event "8th Sinquefield Cup 2021"]
[Site "Saint Louis USA"]
[Date "2021.08.21"]
[Round "5"]
[White "Vachier-Lagrave, Maxime"]
[Black "Swiercz, Dariusz"]
[Result "1-0"]
[WhiteTitle "GM"]
[BlackTitle "GM"]
[WhiteElo "2751"]
[BlackElo "2655"]
[WhiteFideId "623539"]
[BlackFideId "1126881"]
[EventDate "2021.08.16"]
[PlyCount "93"]

1. e4 e5 2. Nf3 Nc6 3. Bc4 Bc5 4. c3 Nf6 5. d3 O-O 6. O-O d5 7. exd5 Nxd5 8. Re1 Bg4 9. Nbd2 Nb6 10. h3 Bh5 11. Bb3 Kh8 12. Ne4 Nd7 13. Bd5 Bb6 14. Ng3 Bxf3 15. Qxf3 f5 16. d4 f4 17. Ne4 Qh4 18. Nd2 exd4 19. Nc4 Rad8 20. Bxc6 bxc6 21. Bd2 Nf6 22. Nxb6 cxb6 23. cxd4 c5 24. Re7 Rxd4 25. Bc3 Nd5 26. Rxa7 Nxc3 27. bxc3 Rdd8 28. Re1 c4 29. Re4 b5 30. a4 Rd3 31. Qxf4 Qxf4 32. Rxf4 Rg8 33. axb5 Rxc3 34. Rc7 Rb3 35. Rc5 c3 36. Rfc4 h6 37. Rxc3 Rb1+ 38. Kh2 Kh7 39. Rg3 Rb2 40. f4 g6 41. f5 g5 42. Rd3 Re8 43. Rd7+ Kg8 44. Rc6 Rxb5 45. Rg6+ Kf8 46. Rxh6 Kg8 47. f6 1-0

[Event "8th Sinquefield Cup 2021"]
[Site "Saint Louis USA"]
[Date "2021.08.21"]
[Round "5"]
[White "Mamedyarov, Shakhriyar"]
[Black "Dominguez Perez, Leinier"]
[Result "1/2-1/2"]
[WhiteTitle "GM"]
[BlackTitle "GM"]
[WhiteElo "2782"]
[BlackElo "2758"]
[WhiteFideId "13401319"]
[BlackFideId "3503240"]
[EventDate "2021.08.16"]
[PlyCount "78"]

1. d4 d5 2. c4 dxc4 3. Nf3 Nf6 4. e3 e6 5. Bxc4 a6 6. O-O c5 7. Re1 Nc6 8. Bd3 cxd4 9. exd4 Be7 10. Nc3 O-O 11. Ne5 Nxd4 12. Bf4 Nf5 13. Qc2 Nd4 14. Qd1 Nf5 15. Qf3 Nh4 16. Qh3 Nd5 17. Bg3 Ng6 18. Rad1 Bf6 19. Bb1 Qb6 20. Qh5 Nxc3 21. bxc3 Bxe5 22. Bxe5 Rd8 23. h4 Rxd1 24. Rxd1 Bd7 25. Bxg7 Kxg7 26. Bxg6 hxg6 27. Qe5+ Kg8 28. Rxd7 Rd8 29. Re7 Qb1+ 30. Kh2 Qf5 31. Qxf5 exf5 32. Rxb7 Rd2 33. f3 Rxa2 34. Ra7 Rc2 35. Rxa6 Rxc3 36. Ra8+ Kg7 37. Ra6 Kg8 38. Ra8+ Kg7 39. Ra6 Kg8 1/2-1/2